000 00422nam a2200109Ia 4500
008 160909s9999 xx 000 0 und d
100 _aColeman, Nancy J.
245 3 _aAn Exploration of the Role of Leadership Behaviors and Ambidexterity in Online Learning Units
260 _bThe George Washington University.
_c2016
650 _aInformation Technology
856 _uhttp://pqdtopen.proquest.com/doc/1775528841.html?FMT=ABS
999 _c303807
_d303807